Evropské minority v 21. století

Tri výrazne odlišné typy menšín v súčasnej Európe a ich špecifiká. Národy v ére globalizácie. Migrácia a národná identita. Izolovanosť niektorých národnostných menšín. Typológia neštátnych národov. Pozornosť Európskej únie venovaná pre záchranu menšinových jazykov.

Salvato in:
Dettagli Bibliografici
Autore principale: Baar, Vladimír
Natura: Capitolo di libro
Lingua:ceco
Soggetti:
Tags: Aggiungi Tag
Nessun Tag, puoi essere il primo ad aggiungerne!!

MARC

LEADER 00000naa$a2200000$$$4500
001 0042750
005 20231016092521.2
041 0 |a cze 
044 |a CZ 
245 1 0 |a Evropské minority v 21. století  |c Vladimír Baar 
520 |a Tri výrazne odlišné typy menšín v súčasnej Európe a ich špecifiká. Národy v ére globalizácie. Migrácia a národná identita. Izolovanosť niektorých národnostných menšín. Typológia neštátnych národov. Pozornosť Európskej únie venovaná pre záchranu menšinových jazykov. 
610 2 0 |a národ 
610 2 0 |a národnosti 
610 2 0 |a menšiny národnostné 
610 2 0 |a jazyk štátny 
610 2 0 |a história 
610 2 0 |a kultúra 
610 2 0 |a migrácia 
610 2 0 |a regióny 
610 2 0 |a Európa 
610 2 0 |a Európska únia 
100 1 |a Baar, Vladimír